| 000 | 00841cam a2200301 4500 | ||
|---|---|---|---|
| 008 | 090401t1995 xxu||||| |||| 00| 0 eng d | ||
| 020 | _a0728202506 | ||
| 035 | _a(Sirsi) u34500 | ||
| 041 | _aeng | ||
| 050 | _a346.410434 | ||
| 100 | _aSmith, Peter F. | ||
| 245 | _aWest`s law of dilapidations. | ||
| 250 | _a10th ed. | ||
| 260 |
_aLondon _bEstates Gazette _c1995 |
||
| 300 | _axxxix, 298p. ; 22cm. | ||
| 350 | _a21 | ||
| 520 | _aExamines the legal principles which apply where property falls out of repair. | ||
| 650 | _aAGRICULTURAL DILAPIDATIONS | ||
| 650 |
_aDilapidations _96235 |
||
| 650 |
_aLANDLORD AND TENANT _96252 |
||
| 650 | _aLATENT DEFECTS | ||
| 650 | _aLISTED BUILDINGS | ||
| 650 |
_aParty walls _96258 |
||
| 650 | _aREPAIRS | ||
| 690 |
_aLandlord and tenant _96252 |
||
| 942 | _n0 | ||
| 948 | _c04/03/1997 | ||
| 999 |
_c89951 _d89951 |
||